ESSENTIALS OF HUMAN ANATOMY NEURO ANATOMY (Record no. 7989)

MARC details
000 -LEADER
fixed length control field 00311nam a2200121Ia 4500
082 ## - DEWEY DECIMAL CLASSIFICATION NUMBER
Classification number 611
Item number E 13 D
100 ## - MAIN ENTRY--PERSONAL NAME
Personal name DATTA, A.K.
245 ## - TITLE STATEMENT
Title ESSENTIALS OF HUMAN ANATOMY NEURO ANATOMY
260 ## - PUBLICATION, DISTRIBUTION, ETC. (IMPRINT)
Name of publisher, distributor, etc CARMT BOOK INTER KOLKOTA
Year of Publication 2013
300 ## - PAGE DESCRIPTION
No. of Pages 322
942 ## - ADDED ENTRY ELEMENTS (KOHA)
Source of classification or shelving scheme Dewey Decimal Classification
Koha item type Books
Holdings
Withdrawn status Lost status Source of classification or shelving scheme Damaged status Not for loan Collection code Home library Current library Date acquired Vendor Name Cost, normal purchase price SGTU Bill Number Total Checkouts Full call number Accession No. (Barcode) Date last seen Bill Date Koha item type
    Dewey Decimal Classification     AYURVEDA SGT FA-FP Library SGT FA-FP Library 14/09/2015 ABC DELHI 350.00 SGTU 5714   611 E 13 D FA2500 14/09/2015 31/03/2015 Books